000 00672nam a22001937a 4500
005 20150810123823.0
010 _aENG-113590
020 _a9780415735995
_c895.00
035 _aEN-97122
037 _bDBAD/PUB
082 _a630.2515
245 _aClimate change and agriculture in India :
_cby K. Palanisami...[et al]
_bstudies from selected river basins /
260 _aNew Delhi
_bRoutledge
_c2014
270 _a912 Tolstoy House, 15-17 Tolstoy Marg, Connaught Place
_bNew Delhi
_e110001
300 _axxii,319p.
_c23cm(Hb)
500 _aIncludes bibliographical references and index
700 _aPalanisami, K.
942 _2ddc
_cEN
_mCLI
_h630.2515
999 _c95164
_d95164